| 000 | 01117nam a2200265 a 4500 | ||
|---|---|---|---|
| 001 | 13183 | ||
| 003 | BD-JhCC | ||
| 005 | 20230723081040.0 | ||
| 008 | 230720s 2020bg |||| |||| 000 0 eng d | ||
| 020 | _a9789849103370 | ||
| 035 | _a(BD-JhCC)13183 | ||
| 040 |
_aBD-JhCC _dBD-JhCC |
||
| 041 | _aben | ||
| 082 |
_a297.18 _bALM 2020 |
||
| 100 | _aআল মিনশাবি, শায়েখ সিদ্দিক | ||
| 245 |
_aহযরত খালিদ বিন ওয়ালিদ রা. -এর ১০০ ঘটনা / _cশায়েখ সিদ্দিক আল মিনশাবি; মুফতি নাজিবুল্লাহ আশরাফ (অনু.) |
||
| 260 |
_aঢাকা : _bআনোয়ারা লাইব্রেরি, _c২০২০ |
||
| 300 |
_a১১২ পৃ. : _c২১ সেমি. |
||
| 490 | _aশতো ঘটনা সিরিজ-১৪ | ||
| 600 | _aHazrat Khaled Bin Walid Ra. | ||
| 650 | _aMuslim legend | ||
| 650 | _ajuvenile literature | ||
| 700 | _aআশরাফ, মুফতি নাজিবুল্লাহ | ||
| 942 |
_2ddc _cBK |
||
| 999 |
_c13183 _d13183 |
||